LEADER 01178nam0-22003731i-450- 001 990005423950403321 005 20100611121840.0 035 $a000542395 035 $aFED01000542395 035 $a(Aleph)000542395FED01 035 $a000542395 100 $a19990604g19609999km-y0itay50------ba 101 0 $alat 102 $aFR 105 $ay-------001yy 200 1 $aCorrespondance de Thèodore de Beze$frecueillie par Hippolyte Aubert$gpublièe par Fernand Aubert et Henri Meylan 210 $aGenève$cLibrairie E. Droz$d1960 215 $a5 v.$d27 cm 225 1 $aTravaux d'Humanisme et Renaissance$v40-0096 610 0 $aEuropa$aVita religiosa$aLettere e carteggi$aSec. 16. 676 $a284.2092$v21$zita 700 1$aBèze,$bThéodore de$0233497 702 1$aAubert,$bFernand 702 1$aAubert,$bHippolyte 702 1$aMeylan,$bHenri 801 0$aIT$bUNINA$gRICA$2UNIMARC 901 $aBK 912 $a990005423950403321 952 $aSDI-KE 218 (1-5)$b2323$fSDI 952 $a284.2 BEZ 1 (1-5)$bST.MED.MOD. 2486-2489 ; 3423$fFLFBC 959 $aFLFBC 959 $aSDI 996 $aCorrespondance de Théodore de Bèze$9163258 997 $aUNINA LEADER 01397nam0-2200409---450- 001 990000943240203316 005 20091123122238.0 010 $a88-14-05352-9 035 $a0094324 035 $aUSA010094324 035 $a(ALEPH)000094324USA01 035 $a0094324 100 $a20020204d1995----km-y0ITAy01------ba 101 $aita 102 $aIT 105 $a||||||||001yy 200 1 $aCompravendita di appartamenti uffici e negozi$e122 problemi con risposte, consigli e formule per acquistare o vendere un immobile al prezzo giusto e senza avventure$fFrancesco Tamborrino 205 $a2. ed. 210 $aMilano$cGiuffrè$d1995 215 $a111 p$d24 cm 225 2 $aCosa & come$iCasa e territorio 410 $12001$aCosa & come$iCasa e territorio 606 $aImmobili$xVendita$xGuide pratiche 606 $aImmobili$xAcquisto$xGuide pratiche 676 $a346.4504363 700 1$aTAMBORRINO,$bFrancesco$09567 801 0$aIT$bsalbc$gISBD 912 $a990000943240203316 951 $aXXX.B. Coll. 13/ 25 (IRA 40 1 A)$b7988 G$cXXX.B. Coll. 13/ (IRA 40900188759 959 $aBK 969 $aGIU 979 $aPATTY$b90$c20020204$lUSA01$h1708 979 $c20020403$lUSA01$h1737 979 $aPATRY$b90$c20040406$lUSA01$h1705 979 $aRSIAV1$b90$c20091123$lUSA01$h1222 996 $aCompravendita di appartamenti uffici e negozi$9636815 997 $aUNISA